000 01651nam a2200397 c 4500
003 BLK
005 20240925125656.0
008 180410b bul|||||r ||||||| ||bul||
010 _aKNG00162432000
020 _a978-954-391-187-1
040 _aBLK
041 _aBUL
_cBUL
072 7 _2bullib
_aРА
_xРусенски автори
072 7 _2bullib
_aН84
_xБългарска художествена литература Н
080 _aБългарска литература
_b821.163.2
_x-94
_z821.163.2-94
080 _aРъководство. Учители. Друг персонал
_b37.091.113
_x(0:82-9)
_z37.091.113(0:82-9)
080 _aБългарска учителка, русенка
_b929 Шаханова, Александрина
_z929 Шаханова, Александрина
100 1 _aШаханова, Александрина Русанова
_eпърви автор
_9142889
139 _aШаханова, Александрина
_bШ 42
245 1 0 _aС тебешир и молив
_bИз спомените на една учителка
_cАлександрина Шаханова.
257 _aBGR
260 _bАвангард принт
_c2014
_aРусе
300 _a308 с.
_c20 см
380 _aX
600 1 4 _aШаханова, Александрина
_9381134
653 _aмемоари
653 _aАлександрина Шаханова
659 _aН
852 _aЦб 269472
856 4 _qpdf
856 4 _qpdf
942 _cKNG
_n0
944 _aCR
_c20.06.2014
_lНора Радева
_k30545
944 _aED
_c06.11.2014
_lф /
999 _c155705
_d155705
999 _d155705